Psychic Type Pokémon Trivia - Statistics

General Stats
  • This quiz has been taken 21 times
  • The average score is 11 of 20
Answer Stats
Hint Answer % Correct
Psychic Fang's base power 85
100%
What level does Smoochum evolve at? Lv.30
92%
The heaviest Psychic type Cosmoem
77%
What other type is paired with Psychic to make up the typing of Brycen-Man at Pokéstar Studios Dark
77%
A Psychic type to have Contrary as a standard Ability Inkay, Malamar
77%
The first Mythical Pokémon to have a signature move Jirachi
77%
A wondrous orb to be held by either Latios or Latias. It raises the power of Psychic and Dragon type moves Soul Dew
69%
The last pure Psychic type in Pokédex order Espathra
62%
The Psychic type that is a result of evolution after walking 1000 steps using the Let's Go! feature Rabsca
62%
The Psychic type specialist amongst the Unova Elite Four Caitlin
54%
A Psychic type with the Forewarn Ability Drowzee, Hypno, Jynx, Smoochum, Munna, Musharna
54%
Guess the move - Power:-- / Accuracy:80% / PP:15 (without PP ups) Kinesis
54%
This Psychic type is the only Pokémon with a base stat total of 466, has two forms, both forms learn Reflect and Light Screen at lv.34, both forms learn Fake Out via level up, it evolved at lv.25 Meowstic
54%
In Generations VI and VII, this Psychic type could learn Steel Wing via TM51, despite not having wings Beheeyem
46%
The only Psychic move introduced in Gen VI Hyperspace Hole
38%
As well as having identical in battle effects to the Twisted Spoon, this item is also needed to breed for Mime.Jr Odd Incense
38%
Despite being a gender unknown Pokémon, which Psychic type is consistently referred to by the masculine title of "king" Calyrex
31%
The smallest Psychic type Cosmoem
31%
The Psychic type to evolve at the lowest level Wynaut - 15
15%
If a Pokémon holding this Berry is hit with a super effective Psychic type move, the power of that move will be weakened. Payapa Berry
8%
No matching quizzes found
Score Distribution
Percent of People with Each Score
Percentile by Number Answered
Your Score History
You have not taken this quiz